00688nam a2200169Ia 4500008004100000041001200041082001100053100001200064245004800076260002700124300000700151650001600158942000700174999001500181952016100196952016100357221030s9999 xx 000 0 und d aEnglish a105.23 aP. Raja 0aAdditional 8085 & 8086 Programscby P. Raja bUmesh PubaDelhic2007 a46 aBE Computer cBK c3073d3073 pBE 9122l0o105.23 r2024-06-13 00:00:00w2022-10-30yBK003Print4070aMIETLIBbMIETLIBcBL-Academic Block C, FL-2, CUP-126, SH-2, R-2d2007-12-2810HBE pBE 9123l0o105.23 r2024-06-13 00:00:00w2022-10-30yBK003Print4070aMIETLIBbMIETLIBcBL-Academic Block C, FL-2, CUP-126, SH-2, R-2d2007-12-2810HBE